| 000 | 01159nam a2200277 i 4500 | ||
|---|---|---|---|
| 001 | 65464 | ||
| 003 | ES-MaACL | ||
| 005 | 20250808000700.0 | ||
| 007 | t| | ||
| 008 | 040113s1945 sp f |||| | spa d | ||
| 100 | 0 |
_aFrancisco de Asís _cSanto. _952189 |
|
| 245 | 1 | 0 |
_aSus escritos _b: Las florecillas / _cSan Francisco de Asís. Biografías del Santo / por Celano, San Buenaventura y los tres compañeros. Espejo de Perfección ; edición preparada por los Padres Fray Juan R. de Legísima y Fray Lino Gómez Canedo. |
| 260 |
_aMadrid : _b[Editorial Católica, _c1945] ( _fOrbe) |
||
| 300 |
_aXLIV, 872, 16 lám. : _bil. ; _c20 cm. |
||
| 490 | 1 |
_aBiblioteca de autores cristianos. Sección V ; _v6 |
|
| 700 | 1 |
_aCelano, Tomás. _9139668 |
|
| 700 | 1 |
_aBuenaventura _c, Santo. _932363 |
|
| 700 | 1 |
_aLegísima, Juan R. de. _971282 |
|
| 700 | 1 |
_aGómez Canedo, Lino, _d1908-1990 _957855 |
|
| 740 | 0 | 2 | _aBiografías del santo. |
| 740 | 4 | 2 | _aLas florecillas. |
| 740 | 0 | 2 | _aEspejo de perfección. |
| 830 | 0 | 0 |
_aBiblioteca de autores cristianos. _pHistoria y hagiografía _v6 _9223165 |
| 852 |
_aES-MaACL _jF-16288 |
||
| 999 |
_c65464 _d65464 |
||